Tokoh-tokoh tanah air

Bibliographic Details
Main Author: Amril Shah
Format: Book
Published: Selangor : Pustaka Tintamas , 2006
Series:Mari gembira berpuisi
Subjects:

MARC

LEADER 00000cam a2200000 7i4500
001 0000006862
005 20151222.0
008 070822
020 |a 983135155X(set) 
020 |a 9831351614 
090 0 0 |a JF   |b NS MAL (7576) 
100 0 |a Amril Shah 
245 1 0 |a Tokoh-tokoh tanah air   |c Amril Shah 
260 |a Selangor :   |b Pustaka Tintamas ,   |c 2006 
440 0 |a Mari gembira berpuisi 
500 |a Children ages 7-9 years old (orange) 
650 0 |a Children's poetry, Malay   |x Juvenile literature 
999 |a 0000917109   |b Book   |c Children Collection   |e Cawangan Bukit Gambir 
999 |a 0000917110   |b Book   |c Children Collection   |e Cawangan Bukit Gambir 
999 |a 0000917111   |b Book   |c Children Collection   |e Cawangan Bukit Gambir 
999 |a 0000927633   |b Book   |c Children Collection   |e Cawangan Tangkak 
999 |a 0000927634   |b Book   |c Children Collection   |e Cawangan Tangkak 
999 |a 0000927635   |b Book   |c Children Collection   |e Cawangan Tangkak 
999 |a 0000945654   |b Book   |c Children Collection   |e Cawangan Taman Sri Lambak 
999 |a 0000945655   |b Book   |c Children Collection   |e Cawangan Taman Sri Lambak 
999 |a 0000945656   |b Book   |c Children Collection   |e Cawangan Taman Sri Lambak 
999 |a 0000987242   |b Book   |c Children Collection   |e Perbadanan Perpustakaan Awam Johor 
999 |a 0000987244   |b Book   |c Children Collection   |e Cawangan Muar 
999 |a 0000987245   |b Book   |c Children Collection   |e Cawangan Segamat 
999 |a 0000987246   |b Book   |c Children Collection   |e Cawangan Tmn. Ungku Tun Aminah 
999 |a 0001148396   |b Book   |c Children Collection   |e Cawangan Pontian 
999 |a 0001148397   |b Book   |c Children Collection   |e Cawangan Kota Tinggi